Head, Face and Neck Trauma: (Record no. 2242)
[ view plain ]
| 000 -LEADER | |
|---|---|
| fixed length control field | 00512nam a22001817a 4500 |
| 003 - CONTROL NUMBER IDENTIFIER | |
| control field | OSt |
| 005 - DATE AND TIME OF LATEST TRANSACTION | |
| control field | 20150909141155.0 |
| 008 - FIXED-LENGTH DATA ELEMENTS--GENERAL INFORMATION | |
| fixed length control field | 150909b xxu||||| |||| 00| 0 eng d |
| 020 ## - INTERNATIONAL STANDARD BOOK NUMBER | |
| International Standard Book Number | 1588903087 |
| 040 ## - CATALOGING SOURCE | |
| Transcribing agency | DNLM |
| 082 ## - DEWEY DECIMAL CLASSIFICATION NUMBER | |
| Classification number | WE705 H34c 2005 |
| 100 ## - MAIN ENTRY--PERSONAL NAME | |
| Personal name | edited by Stewart, Michael G. |
| 9 (RLIN) | 5693 |
| 245 ## - TITLE STATEMENT | |
| Title | Head, Face and Neck Trauma: |
| Remainder of title | comprehensive management |
| 300 ## - PHYSICAL DESCRIPTION | |
| Extent | xii, 256p; |
| Other physical details | ill: |
| Dimensions | 28cm |
| 504 ## - BIBLIOGRAPHY, ETC. NOTE | |
| Bibliography, etc | References, & index included |
| 650 ## - SUBJECT ADDED ENTRY--TOPICAL TERM | |
| Topical term or geographic name as entry element | Head, Face,& Neck trauma |
| 9 (RLIN) | 5694 |
| 942 ## - ADDED ENTRY ELEMENTS (KOHA) | |
| Source of classification or shelving scheme | Other/Generic Classification Scheme |
| Koha item type | Open Shelf |
| Withdrawn status | Lost status | Source of classification or shelving scheme | Damaged status | Not for loan | Home library | Current library | Date acquired | Source of acquisition | Inventory number | Total Checkouts | Full call number | Barcode | Date last seen | Koha item type | Price effective from |
|---|---|---|---|---|---|---|---|---|---|---|---|---|---|---|---|
| Other/Generic Classification Scheme | MUST Main Library | MUST Main Library | 09/09/2015 | 15/38968 | WE705 H34c 2005 | 2015-2221 | 09/09/2015 | Open Shelf | |||||||
| Other/Generic Classification Scheme | MUST Main Library | MUST Main Library | 09/09/2015 | 15/38969 | WE705 H34c 2005 | 2015-2222 | 09/09/2015 | Open Shelf | |||||||
| Other/Generic Classification Scheme | MUST Main Library | MUST Main Library | 22/03/2023 | Purchase | 11/33818 | WE705 H34c 2005 | 2023-0397 | 22/03/2023 | Open Shelf | 22/03/2023 |
